000 00575nam a2200193Ia 4500
005 20250508164824.0
008 008 250505s9999 xx 000 0 eng d
037 _aDissertations
040 _aFEDL
_beng
_cFEDL
041 _aeng
_2eng
084 _a372.7, GUP/DI
_qFEDL
100 _aGupta Punita
_9779218
245 0 _aAnalysis of primary school mathematics text-books : A comparative approach
260 _c2000
300 _a103p.
546 _aM.Phil Dissertation, (Delhi University)
942 _cDIS
_h372.7, GUP/DI
999 _c1391406
_d1391406